Central Library OPAC University of Rajshahi

The internal combustion engine / (Record no. 73615)

MARC details
000 -LEADER
fixed length control field 00835nam a2200265 a 4500
001 - CONTROL NUMBER
control field 73615
003 - CONTROL NUMBER IDENTIFIER
rucl marc code BD-RjUL
005 - DATE AND TIME OF LATEST TRANSACTION
control field 20211209082423.0
008 - FIXED-LENGTH DATA ELEMENTS--GENERAL INFORMATION
fixed length control field 170604m19531934enkaf b 001 0 eng d
035 ## - SYSTEM CONTROL NUMBER
System control number (BD-RjUL)73833
040 ## - CATALOGING SOURCE
Original cataloging agency CUV
Transcribing agency CUV
Modifying agency MYG
-- BD-RjUL
Language of cataloging eng
041 ## - LANGUAGE CODE
Language code of text/sound track or separate title eng
082 ## - DEWEY DECIMAL CLASSIFICATION NUMBER
Edition number 23
Classification number 621.43
Author mark and year PYI 1953
100 1# - MAIN ENTRY--PERSONAL NAME
Personal name Pye, D. R.
Fuller form of name (David Randall),
Dates associated with a name 1886-1960.
9 (RLIN) 217867
245 14 - TITLE STATEMENT
Title The internal combustion engine /
Statement of responsibility, etc. D.R. Pye.
260 ## - PUBLICATION, DISTRIBUTION, ETC. (IMPRINT)
Place of publication, distribution, etc. Oxford :
Name of publisher, distributor, etc. Oxford Univ. Press,
Date of publication, distribution, etc. 1934-1953
300 ## - PHYSICAL DESCRIPTION
Pagination v. :
Illustrations ill. ;
Size 24 cm.
490 1# - SERIES STATEMENT
Series statement The Oxford engineering science series
505 0# - FORMATTED CONTENTS NOTE
Formatted contents note v. 2--
650 #0 - SUBJECT ADDED ENTRY--TOPICAL TERM
Topical term or geographic name as entry element Internal combustion engines.
9 (RLIN) 217868
Topical term or geographic name as entry element Airplanes
General subdivision Motors.
9 (RLIN) 217869
700 1# - ADDED ENTRY--PERSONAL NAME
Personal name Farren, William Scott
Dates associated with a name 1892-
830 #0 - SERIES ADDED ENTRY--UNIFORM TITLE
Uniform title Oxford engineering science series.
942 ## - ADDED ENTRY ELEMENTS (KOHA)
Source of classification or shelving scheme Dewey Decimal Classification
Koha item type Books
Holdings
Lost status Source of classification or shelving scheme Damaged status Not for loan Collection code Permanent Location Current Location Shelving location Date acquired Source of acquisition Total Checkouts Full call number Date last seen Copy number Koha item type
  Dewey Decimal Classification   Not For Loan Non-fiction Central Library, University of Rajshahi Central Library, University of Rajshahi Reading Room 26/01/1956 Asia Foundation   621.43 PYI 1953 05/06/2017 C-1 Books